[Event "South America-ch U20 13th"]
[Site "Manta"]
[Date "2017.04.29"]
[Round "8"]
[White "David Parrales, Carlos Agustin"]
[Black "Alomia Aldaz, Fernando Jose"]
[Result "1-0"]
[WhiteElo "1795"]
[BlackElo "1737"]
[PlyCount "65"]
[EventDate "2017.04.25"]
[EventType "swiss"]
[EventRounds "9"]
[EventCountry "ECU"]
[SourceTitle "CBM 178 Extra"]
[Source "ChessBase"]
[SourceDate "2017.06.22"]
[SourceVersion "1"]
[SourceVersionDate "2017.06.22"]
[SourceQuality "1"]

1. e4 d5 2. exd5 Qxd5 3. Nc3 Qa5 4. d4 Nf6 5. Nf3 c6 6. h3 Bf5 7. Nh4 Bg6 8. Bc4 e6 9. 0-0 Bd6 10. Re1 Nbd7 11. Nxg6 hxg6 12. Bd2 Qc7 13. a4 Nb6 14. Bd3 0-0-0 15. a5 Nbd5 16. Nxd5 exd5 17. Qf3 Rh5 18. Kf1 Rdh8 19. a6 b6 20. c4 dxc4 21. Bxc4 Rf5 22. Qd3 Bg3 23. Be3 Re8 24. Re2 Ne4 25. f3 Bh4 26. Kg1 Nd6 27. Bb3 Qe7 28. Rc1 Kd7 29. d5 Bg5 30. dxc6+ Kc8 31. Rce1 Re5 32. Bxg5 Qxg5 33. Qxd6 1-0

[Event "South America-ch U20 13th"]
[Site "Manta"]
[Date "2017.04.26"]
[Round "3"]
[White "Acosta, Pablo Ismael"]
[Black "David Parrales, Carlos Agustin"]
[Result "1-0"]
[WhiteElo "2428"]
[BlackElo "1795"]
[PlyCount "75"]
[EventDate "2017.04.25"]
[EventType "swiss"]
[EventRounds "9"]
[EventCountry "ECU"]
[SourceTitle "CBM 178 Extra"]
[Source "ChessBase"]
[SourceDate "2017.06.22"]
[SourceVersion "1"]
[SourceVersionDate "2017.06.22"]
[SourceQuality "1"]

1. d4 f5 2. g3 Nf6 3. Bg2 g6 4. c4 Bg7 5. Nc3 d6 6. Nh3 c6 7. d5 0-0 8. Nf4 e5 9. dxe6 Na6 10. 0-0 Nc7 11. Qc2 g5 12. Nh3 h6 13. f4 g4 14. Nf2 Bxe6 15. b3 a5 16. Ba3 Na6 17. Rad1 Nb4 18. Qd2 d5 19. cxd5 cxd5 20. Na4 Qe7 21. Nd3 Ne4 22. Bxe4 fxe4 23. Nxb4 axb4 24. Bxb4 Qf6 25. Bxf8 Rxf8 26. e3 Qf5 27. Nc5 d4 28. Nxe6 Qxe6 29. exd4 e3 30. Qe2 Re8 31. f5 Qb6 32. Qc4+ Kh8 33. Rf4 e2 34. Re1 Rd8 35. Rxe2 Bxd4+ 36. Kg2 Bg7 37. Rxg4 Qd6 38. Rg6 1-0

[Event "Pan American-ch U16"]
[Site "Cali"]
[Date "2015.06.30"]
[Round "4"]
[White "David Parrales, Carlos Agustin"]
[Black "Marin Masis, Jose Esteban"]
[Result "1-0"]
[WhiteElo "1721"]
[BlackElo "1709"]
[PlyCount "48"]
[EventDate "2015.06.28"]
[EventType "swiss"]
[EventRounds "9"]
[EventCountry "COL"]
[SourceTitle "EXT 2016"]
[Source "ChessBase"]
[SourceDate "2015.10.08"]
[SourceVersion "1"]
[SourceVersionDate "2015.10.08"]
[SourceQuality "1"]

1. Nf3 Nf6 2. c4 e6 3. g3 c5 4. Bg2 Nc6 5. 0-0 d5 6. cxd5 exd5 7. d4 Bg4 8. Ne5 Bf5 9. Nxc6 bxc6 10. Qa4 Qb6 11. dxc5 Bxc5 12. Qf4 Be6 13. Nc3 Qd8 14. Rd1 Bd6 15. Qg5 0-0 16. e4 Nxe4 17. Nxe4 dxe4 18. Qxd8 Rfxd8 19. Bxe4 Rac8 20. Bg5 f6 21. Be3 c5 22. b3 Be5 23. Rxd8+ Rxd8 24. Rc1 Bd4 1-0

[Event "Pan American-ch U16"]
[Site "Cali"]
[Date "2015.06.29"]
[Round "2"]
[White "David Parrales, Carlos Agustin"]
[Black "Estrada Lavin, Cristian Alexan"]
[Result "1/2-1/2"]
[WhiteElo "1721"]
[BlackElo "2142"]
[PlyCount "93"]
[EventDate "2015.06.28"]
[EventType "swiss"]
[EventRounds "9"]
[EventCountry "COL"]
[SourceTitle "EXT 2016"]
[Source "ChessBase"]
[SourceDate "2015.10.08"]
[SourceVersion "1"]
[SourceVersionDate "2015.10.08"]
[SourceQuality "1"]

1. Nf3 Nf6 2. c4 e6 3. g3 d5 4. Bg2 Be7 5. 0-0 0-0 6. d4 dxc4 7. Ne5 c5 8. dxc5 Qc7 9. Nxc4 Bxc5 10. Nba3 e5 11. Bg5 h6 12. Bxf6 gxf6 13. Rc1 Qe7 14. Qd2 Kg7 15. Rfd1 Na6 16. Ne3 Bxe3 17. Qxe3 Be6 18. Nb5 Rfd8 19. Nc3 Nb4 20. a3 Na2 21. Nxa2 Bxa2 22. Rxd8 Rxd8 23. Qxa7 Rd2 24. Qxb7 Qxb7 25. Bxb7 Rxb2 26. Bf3 Bb3 27. e3 Ra2 28. Rc3 Be6 29. Kg2 Kf8 30. Bc6 Ke7 31. a4 Kd6 32. e4 f5 33. exf5 Bxf5 34. h3 h5 35. Bf3 Bg6 36. Rc6+ Kd7 37. Rc4 f5 38. Rh4 e4 39. Bxh5 Bxh5 40. Rxh5 Ke6 41. Kf1 Rxa4 42. Rh6+ Ke5 43. Rb6 Ra1+ 44. Ke2 Ra2+ 45. Kf1 Ra1+ 46. Ke2 Ra2+ 47. Kf1 1/2-1/2

[Event "Pan American-ch U16"]
[Site "Oaxtepec"]
[Date "2014.07.11"]
[Round "1"]
[White "David Parrales, Carlos Agustin"]
[Black "Cori Quispe, Kevin Joel"]
[Result "0-1"]
[WhiteElo "1638"]
[BlackElo "2211"]
[PlyCount "68"]
[EventDate "2014.07.11"]
[EventType "swiss"]
[EventRounds "9"]
[EventCountry "MEX"]
[SourceTitle "EXT 2022"]
[Source "ChessBase"]
[SourceDate "2021.10.06"]
[SourceVersion "1"]
[SourceVersionDate "2021.10.06"]
[SourceQuality "1"]

1. e4 c5 2. Nf3 e6 3. d4 cxd4 4. Nxd4 Nc6 5. Nc3 Qc7 6. g3 a6 7. Bg2 Nge7 8. Nde2 Ng6 9. 0-0 Bc5 10. Kh1 0-0 11. f4 b5 12. f5 Nge5 13. Nf4 Re8 14. Nh5 Bf8 15. Bg5 b4 16. Ne2 Bb7 17. Rc1 exf5 18. Nef4 Ne7 19. Nd5 Nxd5 20. exd5 Qc4 21. Rxf5 Qxa2 22. b3 Rac8 23. Qd4 Rxc2 24. Rxc2 Qxc2 25. Be4 Qc3 26. Qd1 Ng6 27. Qb1 Qd4 28. Bf3 Re5 29. Nf6+ gxf6 30. Bxf6 Bxd5 31. Bxe5 Bxf3+ 32. Rxf3 Nxe5 33. Rf4 Qd5+ 34. Kg1 Bc5+ 0-1